000 00363nam a2200157Ia 4500
008 230711s9999||||xx |||||||||||||| ||und||
041 _aENG
082 _a720
_bCO-N
100 _aCoates,Nigel
245 0 _aNarrative Architecture
250 _a1st
260 _c2012
_aNew Delhi
_bJohn Wiley & Sons.Inc
300 _a168
650 _aArchitecture
942 _cBK
999 _c5372
_d5372